[Event "Vecindario Montalvo Memorial 16th"]
[Site "Vecindario"]
[Date "2024.03.26"]
[Round "4"]
[White "Perez Bolanos, David"]
[Black "Garcia Rodriguez, Adriana"]
[Result "1-0"]
[WhiteElo "2053"]
[BlackElo "1854"]
[PlyCount "95"]
[EventDate "2024.03.23"]
[EventType "swiss"]
[EventRounds "9"]
[EventCountry "ESP"]
[SourceTitle "CB15_2024"]
[SourceDate "2024.04.10"]
[SourceVersion "1"]
[SourceVersionDate "2024.04.10"]
[SourceQuality "1"]

1. c4 e5 2. Nc3 Nc6 3. Nf3 Nf6 4. e4 Bb4 5. d3 0-0 6. a3 Bxc3+ 7. bxc3 d6 8. g3 Bg4 9. Bg2 h6 10. h3 Be6 11. 0-0 Ne7 12. Nh4 c6 13. f4 exf4 14. gxf4 Ng6 15. Nf3 Ne7 16. f5 Bd7 17. Qe1 Kh7 18. Nh2 Re8 19. Ng4 Nxg4 20. hxg4 Ng8 21. Qg3 Qf6 22. d4 c5 23. g5 Qe7 24. Bf4 cxd4 25. cxd4 Rac8 26. gxh6 Nxh6 27. Bxd6 Qd8 28. c5 b6 29. Rf4 bxc5 30. dxc5 Qf6 31. Raf1 Bb5 32. R1f2 Rcd8 33. Rh4 Kg8 34. e5 Nxf5 35. exf6 Nxg3 36. Bxg3 Rd3 37. Bd6 Rxa3 38. Rg4 g6 39. Bd5 Ra1+ 40. Kh2 Bd3 41. c6 Ra5 42. Rd4 Ba6 43. Rg2 Rxd5 44. Rxd5 Re6 45. Rf2 Bc8 46. c7 Kh7 47. Bf8 Rc6 48. Rd8 1-0

[Event "Gran Canaria Vecindario op 1st"]
[Site "Gran Canaria"]
[Date "2023.11.04"]
[Round "4"]
[White "Garcia Rodriguez, Adriana"]
[Black "Gimenez Menchon, Cesar"]
[Result "1/2-1/2"]
[WhiteElo "1539"]
[BlackElo "2020"]
[PlyCount "163"]
[EventDate "2023.11.04"]
[EventType "swiss"]
[EventRounds "9"]
[EventCountry "ESP"]
[SourceTitle "CB46_2023"]
[SourceDate "2023.11.15"]
[SourceVersion "1"]
[SourceVersionDate "2023.11.15"]
[SourceQuality "1"]

1. e4 d6 2. d4 Nf6 3. Nc3 e5 4. dxe5 dxe5 5. Qxd8+ Kxd8 6. Bg5 Be7 7. 0-0-0+ Nbd7 8. Nf3 Ng4 9. Bxe7+ Kxe7 10. Nd5+ Kd8 11. Rd2 f6 12. h3 Nh6 13. Bc4 c6 14. Ne3 b5 15. Bb3 Kc7 16. c3 Nc5 17. Bc2 Be6 18. Kb1 Nf7 19. Rhd1 Rhd8 20. b4 Na4 21. Bxa4 bxa4 22. Rxd8 Nxd8 23. Kb2 a5 24. Ka3 axb4+ 25. cxb4 Nf7 26. Rc1 Nd6 27. Nd2 Nb5+ 28. Kb2 a3+ 29. Kb1 Ra4 30. Nd5+ Kb7 31. Nb3 Bxd5 32. Nc5+ Kc7 33. Nxa4 Bxe4+ 34. Ka1 Nd4 35. Nc3 Bxg2 36. Rg1 Bxh3 37. Rxg7+ Kb6 38. Rxh7 Bf5 39. Rh8 Nc2+ 40. Kb1 Nxb4+ 41. Kc1 Nd3+ 42. Kd2 Nxf2 43. Rf8 Ne4+ 44. Nxe4 Bxe4 45. Rxf6 Bd5 46. Rf8 Kc5 47. Ra8 Kb4 48. Rb8+ Kc5 49. Ra8 Bxa2 50. Rxa3 Bd5 51. Kc3 Bc4 52. Ra5+ Bb5 53. Ra2 e4 54. Ra1 e3 55. Re1 e2 56. Rh1 Kd5 57. Rh5+ Ke4 58. Kd2 Kd4 59. Rh4+ Kc5 60. Re4 Bc4 61. Re8 Kb4 62. Rb8+ Bb5 63. Rc8 c5 64. Rh8 Kb3 65. Rb8 Kb4 66. Rh8 Bc4 67. Rb8+ Bb5 68. Rh8 Ka5 69. Ra8+ Kb6 70. Rb8+ Kc6 71. Rc8+ Kd5 72. Rd8+ Ke4 73. Rh8 Kf3 74. Rf8+ Kg2 75. Rf5 Bd3 76. Rxc5 Kf2 77. Rc1 Ba6 78. Rh1 Bb5 79. Rh2+ Kf1 80. Rh1+ Kf2 81. Rh2+ Kf1 82. Rxe2 1/2-1/2

[Event "ESP-ch U12 rapid"]
[Site "Salobrena"]
[Date "2023.07.16"]
[Round "8"]
[White "Rivero Gil, Carlos"]
[Black "Garcia Rodriguez, Adriana"]
[Result "0-1"]
[WhiteElo "1565"]
[BlackElo "1433"]
[PlyCount "56"]
[EventDate "2023.07.15"]
[EventType "swiss (rapid)"]
[EventRounds "9"]
[EventCountry "ESP"]
[SourceTitle "EXT 2024"]
[Source "ChessBase"]
[SourceDate "2023.10.10"]
[SourceVersion "1"]
[SourceVersionDate "2023.10.10"]
[SourceQuality "1"]

1. e4 e6 2. d4 d5 3. Nc3 Nf6 4. e5 Nfd7 5. f4 c5 6. Nf3 Qb6 7. Be3 Qxb2 8. Na4 Qb4+ 9. c3 Qa5 10. Qc2 Nc6 11. Be2 cxd4 12. Nxd4 Nxd4 13. Bxd4 Be7 14. 0-0 0-0 15. Rf3 f6 16. exf6 Bxf6 17. Bxf6 Nxf6 18. Nb2 Ne4 19. c4 Bd7 20. cxd5 exd5 21. Rd1 Rac8 22. Qd3 Qb6+ 23. Qd4 Qxd4+ 24. Rxd4 Rc2 25. Bd3 Rxb2 26. Bxe4 dxe4 27. Rg3 Bc6 28. Rd6 Rxf4 0-1

[Event "ESP-ch U12 rapid"]
[Site "Salobrena"]
[Date "2023.07.16"]
[Round "6"]
[White "Saez de Adana Saez, Maria"]
[Black "Garcia Rodriguez, Adriana"]
[Result "0-1"]
[WhiteElo "1267"]
[BlackElo "1433"]
[PlyCount "166"]
[EventDate "2023.07.15"]
[EventType "swiss (rapid)"]
[EventRounds "9"]
[EventCountry "ESP"]
[SourceTitle "EXT 2024"]
[Source "ChessBase"]
[SourceDate "2023.10.10"]
[SourceVersion "1"]
[SourceVersionDate "2023.10.10"]
[SourceQuality "1"]

1. e4 e6 2. d4 d5 3. Nd2 c5 4. exd5 Qxd5 5. Bc4 Qd8 6. Ngf3 cxd4 7. 0-0 Nc6 8. Nb3 Be7 9. Nbxd4 Nxd4 10. Qxd4 Qxd4 11. Nxd4 a6 12. Be3 b5 13. Be2 Bb7 14. Bf3 Bxf3 15. Nxf3 Rc8 16. c3 Nf6 17. Rad1 0-0 18. Rd2 Nd5 19. Bd4 Rfe8 20. Rc1 Bd6 21. g3 Bb8 22. Rcd1 Ne7 23. Be5 Bxe5 24. Nxe5 Nd5 25. Nd3 a5 26. Rc1 Rc7 27. Rdc2 Rec8 28. Kg2 f6 29. Ne1 Kf7 30. Nf3 Rc4 31. Nd2 R4c6 32. Kf3 Nb4 33. Ne4 Nxc2 34. Rxc2 b4 35. c4 f5 36. Nd2 e5 37. b3 Rd6 38. Ke2 Rdc6 39. Nf1 f4 40. Nd2 fxg3 41. hxg3 Ke6 42. Nf3 Kf5 43. Nh4+ Kg4 44. Ng2 Kf5 45. Nh4+ Kf6 46. Nf3 h6 47. Ne1 g5 48. Ng2 h5 49. Ke3 Kf5 50. Ke2 Rh6 51. Ne3+ Ke6 52. Nf1 h4 53. gxh4 gxh4 54. Nh2 Kf5 55. Rc1 e4 56. Rh1 Kf4 57. Nf1 h3 58. Nh2 Ra8 59. Nf1 a4 60. bxa4 Rxa4 61. c5 Rxa2+ 62. Ke1 b3 63. c6 Rxc6 64. Kd1 Rh6 65. Kc1 Rxf2 66. Nh2 Kg3 67. Nf1+ Rxf1+ 68. Rxf1 Kg2 69. Re1 h2 70. Kb2 h1Q 71. Rxh1 Rxh1 72. Kxb3 e3 73. Kc2 e2 74. Kc3 e1Q+ 75. Kd3 Rh3+ 76. Kc4 Qh4+ 77. Kd5 Rd3+ 78. Ke6 Qg5 79. Kf7 Rd6 80. Ke8 Re6+ 81. Kf7 Qe7+ 82. Kg8 Rg6+ 83. Kh8 Qg7# 0-1

[Event "ESP-ch U12 rapid"]
[Site "Salobrena"]
[Date "2023.07.15"]
[Round "4"]
[White "Martin Zamora, Jose"]
[Black "Garcia Rodriguez, Adriana"]
[Result "0-1"]
[WhiteElo "1176"]
[BlackElo "1433"]
[PlyCount "52"]
[EventDate "2023.07.15"]
[EventType "swiss (rapid)"]
[EventRounds "9"]
[EventCountry "ESP"]
[SourceTitle "EXT 2024"]
[Source "ChessBase"]
[SourceDate "2023.10.10"]
[SourceVersion "1"]
[SourceVersionDate "2023.10.10"]
[SourceQuality "1"]

1. d4 d5 2. Nf3 Nf6 3. Bg5 h6 4. Bf4 c5 5. dxc5 Qa5+ 6. c3 Qxc5 7. e3 Nc6 8. Bd3 Bg4 9. Nbd2 e5 10. Qa4 exf4 11. Qxf4 Bd6 12. Qa4 0-0 13. 0-0 Bd7 14. Qd1 Qb6 15. Rc1 Qxb2 16. Rb1 Qxc3 17. Rxb7 Qxd3 18. Qb3 Qa6 19. Rb1 Na5 20. Qb2 Nxb7 21. Qxb7 Qxb7 22. Rxb7 Rac8 23. Nb3 Ba4 24. h3 Bxb3 25. axb3 Rc1+ 26. Ne1 Rxe1# 0-1

[Event "ESP-ch U12"]
[Site "Salobrena"]
[Date "2023.07.15"]
[Round "9"]
[White "San Vicente Crespo, Pablo"]
[Black "Garcia Rodriguez, Adriana"]
[Result "0-1"]
[WhiteElo "1721"]
[BlackElo "1569"]
[PlyCount "82"]
[EventDate "2023.07.10"]
[EventType "swiss"]
[EventRounds "9"]
[EventCountry "ESP"]
[SourceTitle "EXT 2024"]
[Source "ChessBase"]
[SourceDate "2023.10.10"]
[SourceVersion "1"]
[SourceVersionDate "2023.10.10"]
[SourceQuality "1"]

1. e4 e6 2. d3 d5 3. Nd2 c5 4. Ngf3 Nc6 5. g3 Nf6 6. Bg2 Be7 7. 0-0 b6 8. Re1 Bb7 9. e5 Nd7 10. c3 Qc7 11. Qe2 g5 12. g4 0-0-0 13. a3 h5 14. h3 hxg4 15. hxg4 d4 16. c4 Rdg8 17. b4 cxb4 18. Nb3 bxa3 19. Bxa3 Bxa3 20. Rxa3 Kb8 21. Nbxd4 Ndxe5 22. Nxc6+ Nxc6 23. Qb2 Qf4 24. Re4 Qd6 25. d4 Na5 26. Rxa5 Bxe4 27. Ne5 Bxg2 28. Kxg2 f6 29. c5 Qd5+ 30. Nf3 Rh3 31. Ra3 Rgh8 32. cxb6 Qe4 33. bxa7+ Ka8 34. Re3 Qxg4+ 35. Kf1 Rxf3 36. Qc3 Rh1+ 37. Ke2 Rxe3+ 38. Kxe3 Rh3+ 39. f3 Qxf3+ 40. Kd2 Rh2+ 41. Kc1 Qxc3+ 0-1

[Event "ESP-ch U12"]
[Site "Salobrena"]
[Date "2023.07.12"]
[Round "5"]
[White "Garcia Rodriguez, Adriana"]
[Black "Agustin Blanc, Adrian"]
[Result "1-0"]
[WhiteElo "1569"]
[BlackElo "1353"]
[PlyCount "117"]
[EventDate "2023.07.10"]
[EventType "swiss"]
[EventRounds "9"]
[EventCountry "ESP"]
[SourceTitle "EXT 2024"]
[Source "ChessBase"]
[SourceDate "2023.10.10"]
[SourceVersion "1"]
[SourceVersionDate "2023.10.10"]
[SourceQuality "1"]

1. e4 c5 2. c3 Nf6 3. e5 Nd5 4. d4 cxd4 5. Nf3 e6 6. cxd4 d6 7. Bc4 dxe5 8. dxe5 Be7 9. 0-0 0-0 10. Qe2 Bd7 11. Qe4 Bc6 12. Qg4 Re8 13. Bh6 Bf8 14. Nbd2 Nd7 15. Ne4 Kh8 16. Nd6 Re7 17. Bf4 h6 18. Bd3 Nxf4 19. Qxf4 Kg8 20. Rad1 g6 21. Be4 Qc7 22. Rc1 Bg7 23. Bxc6 bxc6 24. Qe4 Qa5 25. Qxc6 Rf8 26. Nc8 Ree8 27. Qxd7 Rd8 28. Ne7+ Kh7 29. Nc6 Rxd7 30. Nxa5 Rd5 31. Nc4 Rfd8 32. Rc3 Rd1 33. Ne3 R1d7 34. Rfc1 Rb8 35. b3 g5 36. Rc7 Rbd8 37. Kf1 Kg6 38. Ke2 h5 39. Rxd7 Rxd7 40. h3 f6 41. Rc6 Re7 42. Nd4 Kf7 43. exf6 Bxf6 44. Nb5 Kg6 45. Rc7 a6 46. Rxe7 Bxe7 47. Nc7 a5 48. Nxe6 Bb4 49. Nd4 Kf6 50. Nd5+ Ke5 51. Nxb4 Kxd4 52. Nc6+ Kc5 53. Nxa5 Kb5 54. Nb7 Kc6 55. Nd8+ Kd7 56. Nf7 g4 57. hxg4 h4 58. Ne5+ Ke6 59. Nf3 1-0

[Event "Gran Canaria-ch U20"]
[Site "Vecindario"]
[Date "2023.04.19"]
[Round "4.4"]
[White "Garcia Rodriguez, Adriana"]
[Black "Perdomo Leon, Isaac Unai"]
[Result "1/2-1/2"]
[WhiteElo "1541"]
[BlackElo "1036"]
[PlyCount "128"]
[EventDate "2023.04.12"]
[EventType "swiss"]
[EventRounds "7"]
[EventCountry "ESP"]
[SourceTitle "EXT 2024"]
[Source "ChessBase"]
[SourceDate "2023.10.10"]
[SourceVersion "1"]
[SourceVersionDate "2023.10.10"]
[SourceQuality "1"]

1. e4 c5 2. c3 Nf6 3. e5 Nd5 4. d4 cxd4 5. Nf3 Nc6 6. cxd4 d6 7. Bc4 Nb6 8. Bb3 dxe5 9. dxe5 Qxd1+ 10. Bxd1 Bg4 11. h3 Bxf3 12. Bxf3 e6 13. Bxc6+ bxc6 14. Nc3 Be7 15. 0-0 0-0 16. b3 Rfd8 17. Bb2 Rd2 18. Rab1 Rad8 19. Rfc1 R2d7 20. Ne4 Rc7 21. Rc2 Nd5 22. a3 Nf4 23. b4 Rd5 24. Rd2 Rxd2 25. Nxd2 Rd7 26. Nf3 c5 27. Kh2 cxb4 28. axb4 Bxb4 29. Bc3 Be7 30. Rb8+ Rd8 31. Rb7 Bc5 32. Ng5 Rf8 33. Ne4 Bb6 34. Bb4 Rd8 35. Ng5 Ne2 36. g4 Bxf2 37. Kg2 Bd4 38. Nxf7 Rc8 39. Ng5 Nf4+ 40. Kf3 Ng6 41. Nxe6 Bxe5 42. Rxa7 Bf6 43. Rb7 Re8 44. Nc7 Rd8 45. Ke3 Ne5 46. Ke4 Nc6 47. Bc5 Rd7 48. Bb6 Bd8 49. Kf5 Bxc7 50. Rxc7 Rxc7 51. Bxc7 Nd4+ 52. Ke5 Nf3+ 53. Kf4 Nd4 54. Be5 Ne6+ 55. Kg3 Kf7 56. h4 g5 57. h5 Nc5 58. Kf3 Ke6 59. Bd4 Nd7 60. Ke4 Nf6+ 61. Kf3 h6 62. Bc5 Kf7 63. Ba3 Kg7 64. Bb2 Kf7 1/2-1/2

[Event "Vecindario Montalvo Memorial 15th"]
[Site "Vecindario"]
[Date "2023.04.06"]
[Round "6"]
[White "Garcia Rodriguez, Adriana"]
[Black "De Leon Navarro, Claudio"]
[Result "0-1"]
[WhiteElo "1541"]
[BlackElo "1866"]
[PlyCount "66"]
[EventDate "2023.04.02"]
[EventType "swiss"]
[EventRounds "9"]
[EventCountry "ESP"]
[SourceTitle "CBM 213 Extra"]
[Source "ChessBase"]
[SourceDate "2023.05.31"]
[SourceVersion "1"]
[SourceVersionDate "2023.05.31"]
[SourceQuality "1"]

1. e4 e5 2. Nf3 Nc6 3. d4 exd4 4. Nxd4 Bc5 5. Be3 Qf6 6. c3 Qg6 7. Nd2 Nf6 8. Qc2 Ng4 9. 0-0-0 Nxe3 10. fxe3 d6 11. Bb5 Bd7 12. Rhf1 0-0 13. Nf5 Bxf5 14. exf5 Qg5 15. Rf3 Qxg2 16. Rg3 Qxh2 17. Rdg1 Bxe3 18. Rxg7+ Kh8 19. R1g3 Qh1+ 20. Qd1 Bxd2+ 21. Kxd2 Qxd1+ 22. Kxd1 Rg8 23. f6 Ne5 24. Ba4 Rxg7 25. fxg7+ Kg8 26. Bb3 Re8 27. Kd2 Re7 28. c4 Ng6 29. Bc2 Kxg7 30. Rb3 b6 31. Ra3 a5 32. Kd3 Nf4+ 33. Kd2 Re2+ 0-1

[Event "Gran Canaria U1900 op"]
[Site "Gran Canaria"]
[Date "2023.01.04"]
[Round "7"]
[White "Yuan, Ying Jie"]
[Black "Garcia Rodriguez, Adriana"]
[Result "1/2-1/2"]
[WhiteElo "1457"]
[BlackElo "1516"]
[PlyCount "79"]
[EventDate "2022.12.27"]
[EventType "swiss"]
[EventRounds "7"]
[EventCountry "ESP"]
[SourceTitle "CBM 212 Extra"]
[Source "ChessBase"]
[SourceDate "2023.03.31"]
[SourceVersion "1"]
[SourceVersionDate "2023.03.31"]
[SourceQuality "1"]

1. c4 e5 2. Nc3 Nf6 3. g3 d5 4. cxd5 Nxd5 5. Bg2 Nb6 6. Nf3 Nc6 7. 0-0 Be7 8. b3 0-0 9. Bb2 f5 10. d3 Bf6 11. Nd2 Rb8 12. Nc4 Nxc4 13. bxc4 Be6 14. Nd5 Bxd5 15. Bxd5+ Kh8 16. Bxc6 bxc6 17. Rb1 e4 18. Bxf6 Qxf6 19. Qc2 Rxb1 20. Rxb1 exd3 21. Qxd3 f4 22. Rd1 fxg3 23. Qxg3 Qe6 24. Qd3 Qg4+ 25. Kh1 h6 26. Rg1 Qf5 27. Qxf5 Rxf5 28. f3 Rc5 29. Rc1 Ra5 30. Rc2 Rg5 31. e4 Kg8 32. Rg2 Kf7 33. Rxg5 hxg5 34. Kg2 Ke6 35. Kf2 Ke5 36. Ke3 c5 37. h3 c6 38. a4 a5 39. Kd3 Kf4 40. Ke2 1/2-1/2

[Event "Gran Canaria U1900 op"]
[Site "Gran Canaria"]
[Date "2023.01.02"]
[Round "5"]
[White "Garcia Rodriguez, Adriana"]
[Black "Rivero Pena, Himar"]
[Result "0-1"]
[WhiteElo "1516"]
[BlackElo "1678"]
[PlyCount "121"]
[EventDate "2022.12.27"]
[EventType "swiss"]
[EventRounds "7"]
[EventCountry "ESP"]
[SourceTitle "CBM 212 Extra"]
[Source "ChessBase"]
[SourceDate "2023.03.31"]
[SourceVersion "1"]
[SourceVersionDate "2023.03.31"]
[SourceQuality "1"]

1. e4 g6 2. d4 Bg7 3. Nc3 c6 4. h3 d5 5. e5 f6 6. f4 b6 7. Nf3 Ba6 8. Bxa6 Nxa6 9. a3 Nc7 10. g4 fxe5 11. dxe5 e6 12. f5 exf5 13. gxf5 gxf5 14. Ng5 Qe7 15. Qh5+ Kf8 16. Nxh7+ Rxh7 17. Qxh7 Qxe5+ 18. Ne2 Ne6 19. Kd1 Re8 20. Qh5 Nf6 21. Qf3 Nd4 22. Nxd4 Qxd4+ 23. Qd3 Ne4 24. Qxd4 Bxd4 25. Bh6+ Kf7 26. Kc1 Nf2 27. Rf1 Kg6 28. Bd2 Nxh3 29. c3 Be5 30. Kc2 Bg3 31. Rh1 Ng5 32. Rag1 f4 33. Rf1 Rf8 34. Rhg1 Rf5 35. Kd3 Kf6 36. c4 dxc4+ 37. Kxc4 Ne4 38. Bc3+ Nxc3 39. Kxc3 Ke5 40. Kd3 Rf6 41. Ke2 Re6 42. Kf3 Kf5 43. Kg2 Kg4 44. Rf2 Bxf2 45. Kxf2+ Kf5 46. Rc1 a5 47. Rc4 Rf6 48. Kf3 Ke5 49. Re4+ Kd5 50. b3 Rh6 51. Re8 Rh3+ 52. Kxf4 Rxb3 53. Rb8 b5 54. a4 Rb4+ 55. Ke3 Rxa4 56. Rd8+ Kc5 57. Kd3 Rc4 58. Rb8 a4 59. Ra8 Kb4 60. Ra6 a3 61. Kd2 0-1

[Event "Gran Canaria U1900 op"]
[Site "Gran Canaria"]
[Date "2022.12.30"]
[Round "4"]
[White "Garcia Rodriguez, Adriana"]
[Black "Alba Santana, Cayetano"]
[Result "0-1"]
[WhiteElo "1516"]
[BlackElo "1800"]
[PlyCount "190"]
[EventDate "2022.12.27"]
[EventType "swiss"]
[EventRounds "7"]
[EventCountry "ESP"]
[SourceTitle "CBM 212 Extra"]
[Source "ChessBase"]
[SourceDate "2023.03.31"]
[SourceVersion "1"]
[SourceVersionDate "2023.03.31"]
[SourceQuality "1"]

1. e4 c5 2. c3 Nf6 3. e5 Nd5 4. d4 cxd4 5. Nf3 e6 6. cxd4 b6 7. Bc4 Ba6 8. Bxd5 exd5 9. Nc3 Bb4 10. Qb3 Bxc3+ 11. bxc3 Bc4 12. Qa3 Nc6 13. Nd2 Na5 14. Nxc4 Nxc4 15. Qb4 Qe7 16. Qxe7+ Kxe7 17. 0-0 f5 18. exf6+ Kxf6 19. Bf4 Rhe8 20. Rfe1 Kf7 21. h3 Rac8 22. Rac1 Nb2 23. Rxe8 Rxe8 24. Be3 Nc4 25. Re1 a6 26. Kh2 h6 27. Kg3 Nd6 28. Kh2 Ne4 29. Rc1 Rc8 30. f3 Nd6 31. g4 Nc4 32. Bf2 Re8 33. Re1 Rc8 34. Rc1 Rc6 35. Kg2 b5 36. h4 Na3 37. Be3 Nc4 38. Bf4 Re6 39. Kf2 Nb2 40. Rc2 Nc4 41. Re2 Rc6 42. Rc2 a5 43. Rc1 Rf6 44. Kg3 Re6 45. Rb1 Rb6 46. Bc1 Rb7 47. a4 b4 48. cxb4 axb4 49. a5 Nxa5 50. Bd2 Nc6 51. Kf2 Ra7 52. Rb2 Rb7 53. Ke3 Ke6 54. Kd3 Kf7 55. Ke3 Rb8 56. Kd3 Rb5 57. Ke3 Ke6 58. Kd3 Kd6 59. Bf4+ Ke6 60. Bd2 Ke7 61. Ke3 Kd8 62. Kd3 Kc7 63. g5 hxg5 64. hxg5 Kd6 65. f4 Ke6 66. Ke3 Kf5 67. Kd3 g6 68. Ke3 b3 69. Kd3 Nd8 70. Kc3 Ne6 71. Be3 Ke4 72. Bg1 Nxf4 73. Bf2 Kf3 74. Be1 Ne2+ 75. Kd3 Nf4+ 76. Kc3 Ke4 77. Bf2 Ne6 78. Re2+ Kf4 79. Rb2 Kxg5 80. Be3+ Kg4 81. Bc1 Kf3 82. Rh2 g5 83. Rh7 Rb7 84. Rf7+ Ke4 85. Rf6 Rc7+ 86. Kb2 Rc2+ 87. Kb1 g4 88. Rg6 Kf3 89. Rf6+ Kg2 90. Be3 g3 91. Rf5 Re2 92. Bh6 Nxd4 93. Rxd5 Nc2 94. Rxd7 Na3+ 95. Ka1 Ra2# 0-1

[Event "ESP-ch States U14"]
[Site "Isla"]
[Date "2022.06.25"]
[Round "4"]
[White "Garcia Rodriguez, Adriana"]
[Black "Veloz Jesus, Sara Alicia"]
[Result "1-0"]
[WhiteElo "1320"]
[BlackElo "1279"]
[PlyCount "75"]
[EventDate "2022.06.23"]
[EventType "swiss"]
[EventRounds "6"]
[EventCountry "ESP"]
[SourceTitle "EXT 2023"]
[Source "ChessBase"]
[SourceDate "2022.10.05"]
[SourceVersion "1"]
[SourceVersionDate "2022.10.05"]
[SourceQuality "1"]

1. e4 e5 2. Nf3 Nc6 3. d4 exd4 4. Nxd4 Nf6 5. Nc3 Bc5 6. Be3 0-0 7. Nxc6 bxc6 8. Bxc5 Re8 9. Be2 d6 10. Be3 Qe7 11. 0-0 Rd8 12. Bg5 h6 13. Bxf6 Qxf6 14. Bf3 Ba6 15. Re1 Rab8 16. Qc1 Rd7 17. Qe3 c5 18. e5 Qg6 19. e6 Qxe6 20. Qxe6 fxe6 21. Bg4 Kh8 22. Rxe6 Rf7 23. Rae1 Rxb2 24. Re7 Rf4 25. h3 Rxc2 26. Ne2 Rf6 27. Bf3 Rxa2 28. Nc3 Ra3 29. Re8+ Kh7 30. Nd5 Rf7 31. Bh5 g6 32. R1e7 Kg7 33. Rxf7+ Kxf7 34. Re7+ Kf8 35. Bxg6 Bc4 36. Rf7+ Kg8 37. Nf6+ Kh8 38. Rh7# 1-0

[Event "Gran Canaria Cabildo Cup"]
[Site "Gran Canaria"]
[Date "2022.04.12"]
[Round "4"]
[White "Macias Reyes, Jose Luis"]
[Black "Garcia Rodriguez, Adriana"]
[Result "1-0"]
[WhiteElo "1529"]
[BlackElo "1239"]
[PlyCount "87"]
[EventDate "2022.04.10"]
[EventType "swiss"]
[EventRounds "7"]
[EventCountry "ESP"]
[SourceTitle "CBM 207 Extra"]
[Source "ChessBase"]
[SourceDate "2022.05.31"]
[SourceVersion "1"]
[SourceVersionDate "2022.05.31"]
[SourceQuality "1"]

1. d4 d5 2. Bf4 Nf6 3. e3 e6 4. Bd3 Bd6 5. Bg3 a6 6. Nd2 Nc6 7. a3 e5 8. dxe5 Nxe5 9. Be2 Bf5 10. Ngf3 Qe7 11. Bh4 h6 12. Rc1 c5 13. Nxe5 Qxe5 14. c3 Ne4 15. Nxe4 Qxe4 16. Bg3 Bxg3 17. hxg3 Rd8 18. Bf3 Qe5 19. 0-0 0-0 20. Qb3 b5 21. a4 Bd3 22. Rfe1 Bc4 23. Qc2 bxa4 24. Qxa4 Rb8 25. b4 cxb4 26. cxb4 Qe7 27. Rb1 Bd3 28. Rb2 Qe5 29. Qa3 a5 30. Rd2 Bc4 31. bxa5 Rb3 32. Qa1 Qd6 33. Qd4 Rd8 34. Ra1 Ra3 35. Rdd1 Ra8 36. Rxa3 Qxa3 37. Ra1 Qb3 38. e4 Qb8 39. exd5 Ba6 40. d6 Bb7 41. Rb1 Ra7 42. d7 Qd8 43. Qxa7 Qxd7 44. Rxb7 1-0

[Event "Gran Canaria Cabildo Cup"]
[Site "Gran Canaria"]
[Date "2022.04.11"]
[Round "3"]
[White "Garcia Rodriguez, Adriana"]
[Black "Diaz Hernandez, Juan Jose"]
[Result "1-0"]
[WhiteElo "1239"]
[BlackElo "1022"]
[PlyCount "59"]
[EventDate "2022.04.10"]
[EventType "swiss"]
[EventRounds "7"]
[EventCountry "ESP"]
[SourceTitle "CBM 207 Extra"]
[Source "ChessBase"]
[SourceDate "2022.05.31"]
[SourceVersion "1"]
[SourceVersionDate "2022.05.31"]
[SourceQuality "1"]

1. e4 e5 2. Nf3 Nc6 3. d4 Bb4+ 4. c3 Bd6 5. Be3 Nf6 6. d5 Ne7 7. Nbd2 c6 8. c4 b5 9. c5 Bc7 10. d6 Ba5 11. dxe7 Qxe7 12. Bd3 Ng4 13. a3 Nxe3 14. fxe3 Qxc5 15. Qe2 d6 16. b4 Bxb4 17. axb4 Qb6 18. 0-0 Bg4 19. Qf2 Bh5 20. Ng5 f6 21. Ne6 Bf7 22. Nxg7+ Kd7 23. Qxf6 Raf8 24. Rxa7+ Qxa7 25. Qxf7+ Rxf7 26. Rxf7+ Kc8 27. Rxa7 Kb8 28. Rd7 h6 29. Rxd6 Rg8 30. Nf5 1-0

[Event "Gran Canaria Cabildo Cup"]
[Site "Gran Canaria"]
[Date "2022.04.10"]
[Round "2"]
[White "Almeida Cubas, Mirella"]
[Black "Garcia Rodriguez, Adriana"]
[Result "1-0"]
[WhiteElo "1656"]
[BlackElo "1239"]
[PlyCount "113"]
[EventDate "2022.04.10"]
[EventType "swiss"]
[EventRounds "7"]
[EventCountry "ESP"]
[SourceTitle "CBM 207 Extra"]
[Source "ChessBase"]
[SourceDate "2022.05.31"]
[SourceVersion "1"]
[SourceVersionDate "2022.05.31"]
[SourceQuality "1"]

1. c4 e5 2. g3 Nf6 3. Bg2 d5 4. cxd5 Nxd5 5. Nc3 Nxc3 6. bxc3 Bc5 7. Nf3 Nc6 8. 0-0 0-0 9. d3 Be6 10. a4 h6 11. a5 a6 12. Qa4 Qf6 13. Nd2 Rad8 14. Ne4 Qe7 15. Nxc5 Qxc5 16. Ba3 Qxc3 17. Bxf8 Kxf8 18. Qa3+ Qxa3 19. Rxa3 Nd4 20. Rb1 Nxe2+ 21. Kf1 Nd4 22. Rbb3 b6 23. Rxb6 Nb5 24. Rb7 Rd4 25. Ra1 Rxd3 26. Bc6 Bc4 27. Kg2 Ke7 28. Rc1 Bd5+ 29. Bxd5 Rxd5 30. Rb8 Kd7 31. Ra8 Nd4 32. Rxa6 Nb3 33. Rc3 Rxa5 34. Rac6 Nd4 35. Rxc7+ Ke6 36. Rb7 Rb5 37. Ra7 Rb6 38. Rcc7 Nc6 39. Ra8 Kf6 40. Rac8 Nd4 41. Rf8 Ne6 42. Rfxf7+ Kg6 43. Rce7 e4 44. Rb7 Rc6 45. Rfe7 Kf6 46. Re8 Kf5 47. Rb5+ Kf6 48. Reb8 Nd4 49. Rb4 Ke5 50. Re8+ Kd5 51. Rd8+ Ke5 52. Rdxd4 Kf6 53. Rxe4 Kf5 54. Rf4+ Ke5 55. Rb7 Ke6 56. Rff7 Kd6 57. Rxg7 1-0